[Event "Bashkortostan-ch"]
[Site "Ufa"]
[Date "2017.12.11"]
[Round "1"]
[White "Tagirov, Artur"]
[Black "Butorin, Andrey"]
[Result "1-0"]
[WhiteElo "2088"]
[BlackElo "1959"]
[PlyCount "55"]
[EventDate "2017.12.11"]
[EventType "tourn"]
[EventRounds "9"]
[EventCountry "RUS"]
[SourceTitle "EXT 2019"]
[Source "ChessBase"]
[SourceDate "2018.10.10"]
[SourceVersion "1"]
[SourceVersionDate "2018.10.10"]
[SourceQuality "1"]

1. e4 c5 2. Nf3 d6 3. d4 cxd4 4. Nxd4 Nf6 5. Nc3 a6 6. Bc4 Nc6 7. 0-0 g6 8. Nxc6 bxc6 9. e5 d5 10. exf6 dxc4 11. Qf3 Qb6 12. Be3 Qc7 13. Bf4 Qb6 14. Rfe1 e6 15. Rad1 Bd7 16. Rd2 Bb4 17. Red1 Ra7 18. Be3 c5 19. Rd6 Qa5 20. Ne4 Qb5 21. c3 Ba5 22. Nxc5 Bc8 23. Nxe6 Bxe6 24. Bxa7 0-0 25. Qe3 Qh5 26. Bb6 Bxb6 27. Qxb6 a5 28. Rd8 1-0